[Event "AUT-chT2M 1415"]
[Site "Austria"]
[Date "2015.04.19"]
[Round "11.5"]
[White "Forstner, Joerg"]
[Black "Manhardt, Thomas"]
[Result "1-0"]
[WhiteElo "2106"]
[BlackElo "2266"]
[PlyCount "77"]
[EventDate "2014.10.03"]
[EventType "team-tourn"]
[EventRounds "11"]
[EventCountry "AUT"]
[SourceTitle "EXT 2016"]
[Source "ChessBase"]
[SourceDate "2015.10.08"]
[SourceVersion "1"]
[SourceVersionDate "2015.10.08"]
[SourceQuality "1"]
[WhiteTeam "Steyregg"]
[BlackTeam "Graz Styria"]
[WhiteTeamCountry "AUT"]
[BlackTeamCountry "AUT"]

1. Nf3 f5 2. g3 Nf6 3. Bg2 g6 4. b3 Bg7 5. Bb2 0-0 6. 0-0 c5 7. e3 Nc6 8. d4 Ne4 9. Nbd2 d5 10. Ne5 Nxe5 11. dxe5 b5 12. f4 e6 13. Nxe4 fxe4 14. Rf2 Bb7 15. Rd2 Qb6 16. Qe2 b4 17. a4 a5 18. h4 Ba6 19. Qg4 Rac8 20. Rad1 Rf5 21. h5 gxh5 22. Qh4 Rc6 23. Bh3 Rf7 24. Qxh5 Bf8 25. Kh1 c4 26. Bd4 Bc5 27. f5 exf5 28. Bxc5 Qxc5 29. Rxd5 Qxe3 30. Rd8+ Kg7 31. R1d6 Rxd6 32. Rxd6 Bc8 33. Kh2 cxb3 34. cxb3 Qf2+ 35. Bg2 Qe3 36. Bh3 h6 37. Qg6+ Kf8 38. Rd8+ Ke7 39. Qd6# 1-0

[Event "AUT-chT2M 1112"]
[Site "Austria"]
[Date "2012.03.02"]
[Round "7.6"]
[White "Forstner, Joerg"]
[Black "Spindelboeck, Gernot"]
[Result "1/2-1/2"]
[WhiteElo "2113"]
[BlackElo "2235"]
[PlyCount "62"]
[EventDate "2011.10.21"]
[EventType "team-tourn"]
[EventRounds "11"]
[EventCountry "AUT"]
[SourceTitle "EXT 2013"]
[Source "ChessBase"]
[SourceDate "2012.11.22"]
[SourceVersion "1"]
[SourceVersionDate "2012.11.22"]
[SourceQuality "1"]
[WhiteTeam "Steyregg"]
[BlackTeam "Graz Austria"]
[WhiteTeamCountry "AUT"]
[BlackTeamCountry "AUT"]

1. d4 Nf6 2. Nf3 e6 3. Bg5 c5 4. e3 h6 5. Bh4 b6 6. Nbd2 Bb7 7. Bd3 Be7 8. 0-0 0-0 9. c3 d6 10. Qe2 Nbd7 11. a4 Re8 12. Rfd1 Qc7 13. h3 Nh5 14. Bxe7 Rxe7 15. g4 Nhf6 16. e4 Rd8 17. Nf1 Nf8 18. Ng3 Ng6 19. Qe3 a6 20. Nh5 Nxh5 21. gxh5 Nf8 22. Kh1 f5 23. Nd2 fxe4 24. Bxe4 cxd4 25. cxd4 Bxe4+ 26. Nxe4 Qb7 27. Kh2 Rf7 28. Rg1 Qd5 29. Rg4 Qxh5 30. Rag1 Nh7 31. Qg3 Ng5 1/2-1/2

[Event "AUT-ch"]
[Site "Frohnleiten"]
[Date "2000.??.??"]
[Round "8.26"]
[White "Sandhoefner, Florian"]
[Black "Forstner, Joerg"]
[Result "1-0"]
[WhiteElo "2189"]
[BlackElo "2120"]
[PlyCount "79"]
[EventDate "2000.08.05"]
[EventType "swiss"]
[EventRounds "9"]
[EventCountry "AUT"]
[SourceTitle "CBM 077 Extra"]
[Source "ChessBase"]
[SourceDate "2000.09.14"]
[SourceVersion "1"]
[SourceVersionDate "2000.09.14"]
[SourceQuality "1"]

1. g3 Nf6 2. Bg2 g6 3. e4 d6 4. Ne2 Bg7 5. 0-0 0-0 6. d4 e5 7. h3 Nc6 8. d5 Ne7 9. c4 Nd7 10. Nbc3 f5 11. Bd2 Nf6 12. Kh2 Bd7 13. Rc1 a5 14. b3 Qc8 15. f3 b6 16. a3 Nh5 17. b4 axb4 18. axb4 Qd8 19. Qb3 f4 20. g4 Nf6 21. c5 bxc5 22. bxc5 g5 23. Nb5 Rb8 24. c6 Bc8 25. Ra1 Ng6 26. Ra7 h5 27. Ba5 Rf7 28. Qd3 Ne8 29. Rb1 hxg4 30. hxg4 Bf8 31. Nxc7 Rh7+ 32. Kg1 Rxb1+ 33. Qxb1 Nxc7 34. Qb8 Qf6 35. Qxc8 Nxd5 36. Rxh7 Kxh7 37. exd5 e4 38. Bc3 Qf7 39. Qe6 Qa7+ 40. Bd4 1-0

[Event "Finkenstein op"]
[Site "Finkenstein"]
[Date "1996.??.??"]
[Round "7"]
[White "Klavcic, Klemen"]
[Black "Forstner, Joerg"]
[Result "1/2-1/2"]
[WhiteElo "2030"]
[BlackElo "1710"]
[PlyCount "58"]
[EventDate "1996.??.??"]
[EventType "swiss"]
[EventRounds "9"]
[EventCountry "AUT"]
[SourceTitle "EXT 1997"]
[Source "ChessBase"]
[SourceDate "1996.11.15"]
[SourceVersion "1"]
[SourceVersionDate "1996.11.15"]
[SourceQuality "1"]

1. e4 Nf6 2. Nc3 d5 3. exd5 Nxd5 4. Nxd5 Qxd5 5. d4 Nc6 6. Be3 g6 7. Nf3 Bg4 8. Be2 Bg7 9. 0-0 0-0 10. h3 Bf5 11. c3 Rad8 12. Qa4 a6 13. Nd2 e5 14. Bg5 Rde8 15. dxe5 Qxe5 16. Be3 Be6 17. Bf3 f5 18. Bf4 Qc5 19. Bxc6 Qxc6 20. Qxc6 bxc6 21. Bxc7 Rf7 22. Bf4 Rb7 23. Nb3 Bxb3 24. axb3 Rxb3 25. Rxa6 Rxb2 26. Rxc6 Rc2 27. Be3 Rxc3 28. Rxc3 Bxc3 29. Rc1 Be5 1/2-1/2

[Event "Finkenstein op"]
[Site "Finkenstein"]
[Date "1996.??.??"]
[Round "8"]
[White "Lindoerfer, Klaus"]
[Black "Forstner, Joerg"]
[Result "1-0"]
[WhiteElo "2080"]
[BlackElo "1710"]
[PlyCount "51"]
[EventDate "1996.??.??"]
[EventType "swiss"]
[EventRounds "9"]
[EventCountry "AUT"]
[SourceTitle "EXT 1997"]
[Source "ChessBase"]
[SourceDate "1996.11.15"]
[SourceVersion "1"]
[SourceVersionDate "1996.11.15"]
[SourceQuality "1"]

1. e4 Nf6 2. e5 Nd5 3. d4 d6 4. Nf3 Bg4 5. Be2 Nc6 6. c4 Nb6 7. e6 fxe6 8. Ng5 Bxe2 9. Qxe2 Nxd4 10. Qe4 e5 11. Nxh7 e6 12. Be3 Qd7 13. Bxd4 exd4 14. Nxf8 Rxf8 15. Qxb7 Ke7 16. Nd2 a5 17. 0-0 d5 18. cxd5 exd5 19. Rac1 Kd6 20. Rfe1 Rfb8 21. Rc6+ Qxc6 22. Re6+ Kxe6 23. Qxc6+ Kf7 24. Qxc7+ Kg8 25. g3 Kh8 26. b3 1-0